Zufällige Länder 12# - Statistiken

Allgemein
  • Dieses Quiz wurde 58 mal gespielt
  • Das Durchschnittsergebnis liegt bei 12 aus 15
Antworten auf der Karte
Die Antworten werden auf der Karte rot bzw. grün angezeigt, abhängig davon wie oft sie richtig erraten wurden.
 
Antwortstatistiken
Antwort % Korrekt
Mongolei
96%
Ukraine
94%
Bolivien
90%
Panama
86%
Guatemala
84%
Kuwait
82%
Simbabwe
78%
Mosambik
76%
Italien
73%
Malawi
73%
Norwegen
71%
Türkei
71%
Guinea
69%
Mauretanien
69%
Thailand
63%
Keine übereinstimmenden Quizze gefunden
Verteilung der Resultate
Anzahl Personen mit jedem Resultat
Perzentil nach korrekt beantworteten Fragen
Ihre Resultats-Entwicklung
Sie haben dieses Quiz noch nicht gespielt